000 00362pab a2200145 454500
008 180718b1989 xxu||||| |||| 00| 0 eng d
100 _aBalachandran, Geeta
245 _aWomen who made it to the top at the grassroots
260 _c1989
300 _a8-10
362 _aJun.-Jul.
650 _aVillage Panchayats
773 _aSocial Welfare
909 _a20425
999 _c20425
_d20425